[Event "CAN-ch U18"]
[Site "Toronto CAN"]
[Date "1997.02.01"]
[Round "3"]
[White "Furrow, Matthew"]
[Black "Gammon, Scott"]
[Result "1/2-1/2"]
[WhiteElo "1546"]
[BlackElo "1604"]
[PlyCount "83"]
[GameId "2160767911999396"]
[EventDate "1997.01.31"]
[EventType "swiss"]
[EventRounds "5"]
[EventCountry "CAN"]

1. d4 c6 2. e4 d5 3. e5 Bf5 4. Nf3 h6 5. Bd3 Bxd3 6. Qxd3 e6 7. O-O Ne7 8. Nc3 Ng6 9. Bd2 Be7 10. Na4 Nd7 11. Rfe1 O-O 12. Qb3 Qc7 13. Bb4 c5 14. Nxc5 Bxc5 15. Bxc5 Nxc5 16. dxc5 Qxc5 17. c3 b6 18. Nd4 a6 19. Rad1 Qc7 20. Nf3 b5 21. Qb4 Rab8 22. Qd4 a5 23. a3 Qe7 24. b4 axb4 25. cxb4 Rfc8 26. Rc1 Ra8 27. Rxc8+ Rxc8 28. Qb6 Qe8 29. Nd4 Rb8 30. Qc5 Nxe5 31. Qd6 Nc4 32. Qc7 Nxa3 33. Nc6 Ra8 34. Ne7+ Kh8 35. Nxd5 Qc8 36. Qxc8+ Rxc8 37. Nb6 Rc6 38. Ra1 Nc2 39. Ra8+ Kh7 40. Nd7 Nxb4 41. Nf8+ Kh8 42. Ng6+ 1/2-1/2

[Event "CAN-ch U18"]
[Site "Toronto CAN"]
[Date "1997.02.01"]
[Round "3"]
[White "Goldenberg, Danny"]
[Black "Golts, Roman"]
[Result "1-0"]
[WhiteElo "2360"]
[BlackElo "2317"]
[PlyCount "72"]
[GameId "2160767911999397"]
[EventDate "1997.01.31"]
[EventType "swiss"]
[EventRounds "5"]
[EventCountry "CAN"]

1. e4 e5 2. Nf3 Nc6 3. Bc4 Nf6 4. d3 Be7 5. O-O d6 6. c3 O-O 7. Re1 Be6 8. Bb5 a6 9. Ba4 b5 10. Bc2 Nb8 11. d4 exd4 12. cxd4 c5 13. d5 Bg4 14. h3 Bh5 15. Bf4 Nbd7 16. Nbd2 Re8 17. Nf1 Bf8 18. Ng3 Bxf3 19. Qxf3 Ne5 20. Qd1 g6 21. Bg5 Bg7 22. Qc1 Qd7 23. Bh6 Re7 24. b3 Bh8 25. Qg5 Qc7 26. Rad1 Ned7 27. f4 Ree8 28. e5 dxe5 29. d6 Qa5 30. Nf5 Qc3 31. Ne7+ Rxe7 32. dxe7 Qxc2 33. fxe5 Ne4 34. Qe3 Bxe5 35. Qxe4 Qxe4 36. Rxe4 Bd4+ 1-0

[Event "CAN-ch U18"]
[Site "Toronto CAN"]
[Date "1997.02.01"]
[Round "3"]
[White "Hua, Lefong"]
[Black "Cormos, Eugene"]
[Result "1/2-1/2"]
[WhiteElo "2285"]
[BlackElo "2112"]
[PlyCount "86"]
[GameId "2160767911999398"]
[EventDate "1997.01.31"]
[EventType "swiss"]
[EventRounds "5"]
[EventCountry "CAN"]

1. d4 d5 2. Nc3 Bf5 3. f3 e6 4. e4 Bg6 5. Bd3 Bb4 6. Nge2 Ne7 7. O-O O-O 8. Be3 Nbc6 9. a3 Ba5 10. Na4 Bb6 11. c3 e5 12. Nxb6 axb6 13. Bc2 f5 14. exd5 Nxd5 15. Bb3 Bf7 16. Bxd5 Qxd5 17. dxe5 Qxe5 18. Bf4 Qe7 19. Re1 Rad8 20. Qc2 Qc5+ 21. Kh1 Rd7 22. Rad1 Rfd8 23. Rxd7 Rxd7 24. Ng3 Ne7 25. Qa4 Rd8 26. Bg5 Re8 27. Qd7 Kf8 28. b4 Qd6 29. Bxe7+ Rxe7 30. Qxd6 cxd6 31. Rxe7 Kxe7 32. Nxf5+ Ke6 33. g4 g6 34. Nd4+ Kd5 35. Nb5 Bg8 36. Kg2 Kc4 37. Nxd6+ Kxc3 38. Ne4+ Kb3 39. Nf6 Bf7 40. Nxh7 Kxa3 41. Nf6 Kxb4 42. Nd7 b5 43. h4 Kc3 1/2-1/2

[Event "CAN-ch U18"]
[Site "Toronto CAN"]
[Date "1997.02.01"]
[Round "3"]
[White "Pechisker, Alfred"]
[Black "Chin, Garrett"]
[Result "0-1"]
[WhiteElo "1959"]
[BlackElo "1914"]
[PlyCount "64"]
[GameId "2160767911999399"]
[EventDate "1997.01.31"]
[EventType "swiss"]
[EventRounds "5"]
[EventCountry "CAN"]

1. d4 g6 2. c4 Bg7 3. Nc3 c5 4. d5 Bxc3+ 5. bxc3 f5 6. Nf3 d6 7. Qc2 Nd7 8. g3 Ngf6 9. Bg2 Qa5 10. Nd2 Ne5 11. h3 Bd7 12. f4 Nf7 13. O-O Ba4 14. Qb2 O-O-O 15. Qa3 Qa6 16. Rb1 h6 17. Re1 g5 18. e3 Rhg8 19. Kh2 Rg7 20. Bf1 Rdg8 21. Bd3 gxf4 22. Bxf5+ Bd7 23. Qxa6 fxg3+ 24. Kg2 bxa6 25. Bxd7+ Nxd7 26. Nb3 Nfe5 27. Na5 Nb6 28. e4 Rf7 29. Be3 Nbxc4 30. Nxc4 Nxc4 31. Bxh6 Rf2+ 32. Kg1 Ne5 0-1

[Event "CAN-ch U18"]
[Site "Toronto CAN"]
[Date "1997.02.01"]
[Round "3"]
[White "Wu, Douglas"]
[Black "Zugic, Igor"]
[Result "0-1"]
[WhiteElo "1947"]
[BlackElo "2286"]
[PlyCount "80"]
[GameId "2160767911999400"]
[EventDate "1997.01.31"]
[EventType "swiss"]
[EventRounds "5"]
[EventCountry "CAN"]

1. e4 e6 2. d4 d5 3. e5 c5 4. c3 Nc6 5. Nf3 Qb6 6. Bd3 cxd4 7. cxd4 Bd7 8. O-O Nxd4 9. Nxd4 Qxd4 10. Nc3 a6 11. Qe2 Ne7 12. Rd1 Nc6 13. Bb5 Qa7 14. Be3 Bc5 15. Bxc5 Qxc5 16. Rac1 Qe7 17. Bd3 Qg5 18. Re1 O-O 19. Qf1 f6 20. f4 Qh5 21. Re3 Qf7 22. Rh3 g6 23. Qe1 fxe5 24. fxe5 Qg7 25. Na4 Qxe5 26. Nc5 Bc8 27. Rh6 Qxe1+ 28. Rxe1 Kg7 29. Rh4 e5 30. Be2 b6 31. Nd3 e4 32. Nf2 Ne5 33. Rc1 Ra7 34. Nxe4 dxe4 35. Rxe4 Re7 36. Bc4 Bb7 37. Re2 Rfe8 38. Rce1 b5 39. Bb3 Nf3+ 40. gxf3 Rxe2 0-1

[Event "CAN-ch U18"]
[Site "Toronto CAN"]
[Date "1997.02.02"]
[Round "4"]
[White "Chin, Garrett"]
[Black "Golts, Roman"]
[Result "1/2-1/2"]
[WhiteElo "1914"]
[BlackElo "2317"]
[PlyCount "92"]
[GameId "2160767911999401"]
[EventDate "1997.01.31"]
[EventType "swiss"]
[EventRounds "5"]
[EventCountry "CAN"]

1. Nf3 d5 2. g3 c5 3. Bg2 Nc6 4. d3 e5 5. O-O Nf6 6. Nbd2 Bd6 7. e4 d4 8. Ne1 Bg4 9. Bf3 Bxf3 10. Ndxf3 b5 11. Nh4 Ne7 12. f4 exf4 13. gxf4 Bc7 14. Nef3 Qd7 15. Qe2 O-O-O 16. Bd2 Ng6 17. Ng2 Qg4 18. e5 Rhe8 19. Qd1 Nd5 20. Ng5 Qxd1 21. Raxd1 f6 22. Ne4 fxe5 23. f5 Ngf4 24. Nxc5 Bb6 25. Nxf4 Nxf4 26. Ne4 Nd5 27. Rde1 Nf6 28. Bg5 Rf8 29. Bxf6 gxf6 30. Kf2 Rd7 31. Rg1 a6 32. Rg2 Rc7 33. Kf3 Kd8 34. Reg1 Ke7 35. Rg7+ Rf7 36. Rxf7+ Kxf7 37. Rg2 Bc5 38. Rf2 Be7 39. Rg2 Rc8 40. h3 a5 41. Rf2 a4 42. Kg2 b4 43. b3 axb3 44. axb3 Ra8 45. Kh2 Ra1 46. Kg2 Kg7 1/2-1/2

[Event "CAN-ch U18"]
[Site "Toronto CAN"]
[Date "1997.02.02"]
[Round "4"]
[White "Cormos, Eugene"]
[Black "Zugic, Igor"]
[Result "1/2-1/2"]
[WhiteElo "2112"]
[BlackElo "2286"]
[PlyCount "57"]
[GameId "2160767911999402"]
[EventDate "1997.01.31"]
[EventType "swiss"]
[EventRounds "5"]
[EventCountry "CAN"]

1. e4 e6 2. d4 d5 3. Nd2 Nf6 4. e5 Nfd7 5. Bd3 c5 6. c3 Nc6 7. Ne2 Qb6 8. Nf3 cxd4 9. cxd4 f6 10. exf6 Nxf6 11. O-O Bd6 12. Nc3 O-O 13. Be3 Bd7 14. Rc1 Be8 15. Ng5 Ne7 16. a4 Bb8 17. Ne2 h6 18. a5 Qxa5 19. Nxe6 Rf7 20. Qb3 Qb6 21. Qxb6 axb6 22. Nc3 Nc6 23. Nf4 Bxf4 24. Bxf4 Nxd4 25. Be5 Nb3 26. Rcd1 Bc6 27. Bc2 Nc5 28. Bxf6 Rxf6 29. b4 1/2-1/2

[Event "CAN-ch U18"]
[Site "Toronto CAN"]
[Date "1997.02.02"]
[Round "4"]
[White "Furrow, Matthew"]
[Black "Wu, Douglas"]
[Result "0-1"]
[WhiteElo "1546"]
[BlackElo "1947"]
[PlyCount "58"]
[GameId "2160767911999403"]
[EventDate "1997.01.31"]
[EventType "swiss"]
[EventRounds "5"]
[EventCountry "CAN"]

1. d4 Nf6 2. c4 g6 3. Nc3 Bg7 4. e4 d6 5. Nf3 O-O 6. Bd3 Nc6 7. d5 Nb4 8. O-O c6 9. a3 Na6 10. Rb1 e5 11. Be3 Ne8 12. Bg5 Qc7 13. Qd2 f5 14. g3 Nc5 15. exf5 gxf5 16. Nh4 Nb3 17. Qe3 Nd4 18. Rbe1 Qf7 19. f3 c5 20. Ne2 Nf6 21. Nxd4 cxd4 22. Qd2 Nh5 23. g4 fxg4 24. fxg4 Nf6 25. Bxf6 Bxf6 26. g5 Qg7 27. Qg2 Qxg5 28. Rxf6 Qxg2+ 29. Kxg2 Rxf6 0-1

[Event "CAN-ch U18"]
[Site "Toronto CAN"]
[Date "1997.02.02"]
[Round "4"]
[White "Gammon, Scott"]
[Black "Pechisker, Alfred"]
[Result "0-1"]
[WhiteElo "1604"]
[BlackElo "1959"]
[PlyCount "102"]
[GameId "2160767911999404"]
[EventDate "1997.01.31"]
[EventType "swiss"]
[EventRounds "5"]
[EventCountry "CAN"]

1. e4 c5 2. Nf3 Nc6 3. d4 cxd4 4. Nxd4 e6 5. Be3 d6 6. Nc3 Nf6 7. Be2 Be7 8. O-O O-O 9. f4 Qc7 10. Nf3 a6 11. h3 b5 12. a3 Bb7 13. Bd3 Na5 14. Nd2 Nd7 15. g4 Bf6 16. Ndb1 Nc5 17. g5 Bxc3 18. Nxc3 Nc4 19. Bxc4 bxc4 20. Bxc5 Qxc5+ 21. Kh2 d5 22. exd5 exd5 23. Ne2 Rfe8 24. Nd4 Qb6 25. Qd2 Re4 26. c3 Rae8 27. Kh1 Re3 28. Rae1 R3e4 29. Rb1 g6 30. Rf3 Qd6 31. f5 Bc8 32. f6 Rh4 33. Re1 Ree4 34. Kg2 Bd7 35. Ree3 Qe5 36. Rg3 Qf4 37. Ne2 Bxh3+ 38. Rxh3 Rg4+ 39. Rhg3 Rxg3+ 40. Nxg3 Rxe3 41. Qf2 Qxf2+ 42. Kxf2 Re5 43. Ne2 Rxg5 44. Ng3 Kf8 45. Kf3 Ke8 46. Kf4 h6 47. Ne2 Kd7 48. Nd4 Kd6 49. b3 cxb3 50. Nxb3 Rf5+ 51. Ke3 Rxf6 0-1

[Event "CAN-ch U18"]
[Site "Toronto CAN"]
[Date "1997.02.02"]
[Round "4"]
[White "Hua, Lefong"]
[Black "Goldenberg, Danny"]
[Result "1-0"]
[WhiteElo "2285"]
[BlackElo "2360"]
[PlyCount "85"]
[GameId "2160767911999405"]
[EventDate "1997.01.31"]
[EventType "swiss"]
[EventRounds "5"]
[EventCountry "CAN"]

1. d4 Nf6 2. c4 c5 3. d5 b5 4. cxb5 a6 5. b6 Qxb6 6. Nc3 d6 7. a4 g6 8. a5 Qb7 9. e4 Bg7 10. f4 O-O 11. Bc4 Bd7 12. Qd3 Ne8 13. Nf3 Nc7 14. O-O Bb5 15. b3 Nd7 16. Bd2 Rab8 17. Rab1 Qa7 18. Na4 Rb7 19. e5 dxe5 20. fxe5 Nxe5 21. Nxe5 Bxe5 22. Bh6 Bg7 23. Bxg7 Kxg7 24. Nb6 Na8 25. Nxa8 Qxa8 26. Rf3 Bxc4 27. Qxc4 Qa7 28. Rc1 Rb5 29. Rh3 Qd7 30. Qf4 h5 31. Rxh5 f5 32. Qh6+ Kf7 33. Qh7+ Kf6 34. Rh6 Qe8 35. Re1 e5 36. dxe6 Rg8 37. Qc7 Kg5 38. Rh7 Rxb3 39. g3 Rb4 40. Qxc5 Ra4 41. Qe3+ f4 42. Qe5+ Kg4 43. Rh4+ 1-0

[Event "CAN-ch U18"]
[Site "Toronto CAN"]
[Date "1997.02.02"]
[Round "5"]
[White "Goldenberg, Danny"]
[Black "Cormos, Eugene"]
[Result "1-0"]
[WhiteElo "2360"]
[BlackElo "2112"]
[PlyCount "79"]
[GameId "2160767911999406"]
[EventDate "1997.01.31"]
[EventType "swiss"]
[EventRounds "5"]
[EventCountry "CAN"]

1. d4 d5 2. e4 dxe4 3. Nc3 Bf5 4. f3 e3 5. Bxe3 e6 6. Nge2 Nf6 7. Ng3 Bg6 8. a3 Bd6 9. Nge4 Nxe4 10. fxe4 Qh4+ 11. Bf2 Qg5 12. h4 Qh6 13. Qf3 Bf4 14. g4 Bd2+ 15. Kd1 f6 16. Ne2 O-O 17. Bg2 Nc6 18. Qg3 Rad8 19. Bg1 Nxd4 20. Bxd4 Rxd4 21. Nxd4 Bf4 22. Qd3 Rd8 23. Ke2 Rd6 24. Qc4 Bd2 25. g5 fxg5 26. Kxd2 gxh4+ 27. Kc3 Qg5 28. Bh3 c5 29. Bxe6+ Kh8 30. Bd5 Qe3+ 31. Qd3 cxd4+ 32. Kb3 Qg5 33. Raf1 h6 34. Qxd4 Qg3+ 35. Ka2 h3 36. Rhg1 Qh2 37. Rf2 Rxd5 38. Rf8+ Kh7 39. Qxd5 Bf7 40. Rxg7+ 1-0

[Event "CAN-ch U18"]
[Site "Toronto CAN"]
[Date "1997.02.02"]
[Round "5"]
[White "Golts, Roman"]
[Black "Gammon, Scott"]
[Result "1-0"]
[WhiteElo "2317"]
[BlackElo "1604"]
[PlyCount "89"]
[GameId "2160767911999407"]
[EventDate "1997.01.31"]
[EventType "swiss"]
[EventRounds "5"]
[EventCountry "CAN"]

1. e4 c6 2. d4 d5 3. Nc3 dxe4 4. Nxe4 Bf5 5. Ng3 Bg6 6. Nf3 e6 7. Bd3 Bxd3 8. Qxd3 Nf6 9. O-O Be7 10. Bf4 O-O 11. Rfe1 Nbd7 12. Qb3 Nb6 13. Rad1 Qc8 14. c4 Rd8 15. Qc2 Qd7 16. a3 Rac8 17. Rd2 Qe8 18. Rde2 Nbd7 19. Ng5 Nf8 20. Nf3 Ng6 21. Bd2 c5 22. dxc5 Bxc5 23. b4 Be7 24. Qb3 Rc7 25. Be3 b6 26. h3 Rdc8 27. Nd2 Bd6 28. Nge4 Nxe4 29. Nxe4 Qf8 30. Nxd6 Qxd6 31. c5 Qc6 32. cxb6 axb6 33. Rd1 Qa8 34. Red2 Qb8 35. Rd6 Rc6 36. Qd3 h6 37. Rxc6 Rxc6 38. b5 Rc8 39. Qd6 Ne5 40. Bxb6 Qxd6 41. Rxd6 Nc4 42. Rd8+ Rxd8 43. Bxd8 Ne5 44. b6 Nd7 45. Bc7 1-0

[Event "CAN-ch U18"]
[Site "Toronto CAN"]
[Date "1997.02.02"]
[Round "5"]
[White "Pechisker, Alfred"]
[Black "Furrow, Matthew"]
[Result "1-0"]
[WhiteElo "1959"]
[BlackElo "1546"]
[PlyCount "71"]
[GameId "2160767911999408"]
[EventDate "1997.01.31"]
[EventType "swiss"]
[EventRounds "5"]
[EventCountry "CAN"]

1. d4 d5 2. c4 e6 3. Nc3 Nf6 4. Bg5 Be7 5. Nf3 Nc6 6. e3 O-O 7. Be2 b6 8. cxd5 exd5 9. O-O Nb4 10. a3 Na6 11. Qa4 Nb8 12. b4 Bd7 13. Qb3 Be6 14. Na4 Nbd7 15. b5 Ne4 16. Bxe7 Qxe7 17. Nc3 Ndf6 18. Rfd1 Rfd8 19. Rac1 Qd6 20. Ne5 Bd7 21. Nxe4 Nxe4 22. f3 Nf6 23. Rc3 Rdc8 24. Qc2 Rab8 25. Bd3 Rb7 26. a4 g6 27. Rc1 Nh5 28. Qb3 f6 29. Nxd7 Qxd7 30. Rc6 Kh8 31. g4 Ng7 32. Qc2 Qe7 33. Kf2 Qd7 34. Rxf6 Ne6 35. Qc6 Qxc6 36. bxc6 1-0

[Event "CAN-ch U18"]
[Site "Toronto CAN"]
[Date "1997.02.02"]
[Round "5"]
[White "Wu, Douglas"]
[Black "Chin, Garrett"]
[Result "0-1"]
[WhiteElo "1947"]
[BlackElo "1914"]
[PlyCount "46"]
[GameId "2160767911999409"]
[EventDate "1997.01.31"]
[EventType "swiss"]
[EventRounds "5"]
[EventCountry "CAN"]

1. e4 d6 2. d4 g6 3. c4 Bg7 4. Nc3 Nf6 5. f3 O-O 6. Be3 Nbd7 7. Qd2 e5 8. Nge2 c6 9. O-O-O Rb8 10. Kb1 a6 11. c5 Ne8 12. Nc1 b6 13. Nb3 exd4 14. Nxd4 Bxd4 15. Bxd4 bxc5 16. Be3 Ne5 17. Bxc5 Qa5 18. Bxd6 Nxd6 19. Qxd6 Be6 20. Nd5 cxd5 21. Qxe5 Qa4 22. Rd4 Rb4 23. Rxb4 Qd1# 0-1

[Event "CAN-ch U18"]
[Site "Toronto CAN"]
[Date "1997.02.02"]
[Round "5"]
[White "Zugic, Igor"]
[Black "Hua, Lefong"]
[Result "1/2-1/2"]
[WhiteElo "2286"]
[BlackElo "2285"]
[PlyCount "136"]
[GameId "2160767911999410"]
[EventDate "1997.01.31"]
[EventType "swiss"]
[EventRounds "5"]
[EventCountry "CAN"]

1. d4 Nf6 2. Nf3 g6 3. g3 Bg7 4. Bg2 O-O 5. O-O d6 6. c4 Nbd7 7. Nc3 e5 8. e4 c6 9. h3 exd4 10. Nxd4 a5 11. Be3 Re8 12. Qc2 Nc5 13. Rfe1 Qe7 14. f3 Nh5 15. Kh2 Ne6 16. Nde2 Nc7 17. Nd4 Ne6 18. Nce2 Bd7 19. Rad1 Nc5 20. Bf2 Red8 21. Nc3 Ne6 22. Nxe6 Bxe6 23. Na4 b5 24. cxb5 cxb5 25. Nb6 Rab8 26. Nd5 Qb7 27. b3 Rdc8 28. Qe2 Bxd5 29. Rxd5 Rc6 30. Red1 Qa6 31. Bf1 Be5 32. a4 Qc8 33. Rxb5 Rxb5 34. axb5 Rc2 35. Rd2 Rc3 36. b6 Rxb3 37. Rc2 Qd8 38. f4 Bf6 39. Rc7 Rb2 40. Qe3 Kg7 41. Kg1 Qe8 42. Bc4 Qa4 43. Rxf7+ Kh6 44. h4 Qd1+ 45. Bf1 Rb3 46. Qe2 Qa1 47. Kh2 Nxg3 48. Bxg3 Rb2 49. Qxb2 Qxb2+ 50. Bg2 Bd4 51. b7 Qb1 52. e5 a4 53. Rf8 Ba7 54. Bf2 a3 55. Bxa7 a2 56. Bd4 Qb4 57. Ba1 Qe1 58. Bd4 Qxh4+ 59. Bh3 a1=Q 60. Bxa1 Qf2+ 61. Kh1 Qe1+ 62. Kg2 Qe4+ 63. Kf2 Qxb7 64. e6 Qa7+ 65. Ke2 Qxa1 66. e7 Qb2+ 67. Kd3 Qb1+ 68. Kc4 Qe4+ 1/2-1/2

[Event "CAN-ch U20 1996-97 playoff"]
[Site "Edmonton CAN"]
[Date "1997.01.03"]
[Round "1"]
[White "Ho, Andrew"]
[Black "Goldenberg, Danny"]
[Result "1/2-1/2"]
[WhiteElo "2277"]
[BlackElo "2355"]
[PlyCount "123"]
[GameId "2160767912007841"]
[EventDate "1997.01.03"]
[EventType "match"]
[EventRounds "2"]
[EventCountry "CAN"]

1. d4 Nf6 2. c4 c5 3. d5 b5 4. cxb5 a6 5. bxa6 g6 6. Nc3 Bxa6 7. e4 Bxf1 8. Kxf1 d6 9. g3 Bg7 10. Kg2 O-O 11. Nf3 Nbd7 12. h3 Ra7 13. Qc2 Qa8 14. Bg5 h6 15. Be3 Rb8 16. Rhd1 Nb6 17. b3 Ne8 18. a4 Nc7 19. Rab1 Na6 20. Nb5 Nb4 21. Qe2 Rab7 22. Bd2 Qa5 23. Bc3 Bxc3 24. Nxc3 Qa6 25. Qxa6 Nxa6 26. Nd2 Na8 27. Nb5 N8c7 28. Nxc7 Rxc7 29. Rbc1 Rb4 30. Rc4 Kg7 31. Kf3 Rcb7 32. Rdc1 R4b6 33. R4c3 Nb8 34. Ke3 Na6 35. Ra1 Rb4 36. Rac1 f5 37. f3 fxe4 38. fxe4 e6 39. dxe6 Kf6 40. Rf1+ Kxe6 41. Rf8 Nb8 42. Rh8 h5 43. Rc8 Nd7 44. Rg8 Ne5 45. Ra8 Nc6 46. Rg8 Kf7 47. Rc8 Na5 48. Nc4 Nxc4+ 49. bxc4 Rxa4 50. Rd8 Ra6 51. Rd3 Rbb6 52. Kf4 Ke7 53. Rg8 Kf6 54. Rf8+ Ke7 55. Rg8 Kf7 56. Rd8 Rb4 57. R3xd6 Rxd6 58. Rxd6 Rxc4 59. g4 h4 60. Kg5 Rxe4 61. Rf6+ Ke7 62. Rxg6 1/2-1/2

[Event "CAN-ch U20 1996-97 playoff"]
[Site "Edmonton CAN"]
[Date "1997.01.03"]
[Round "2"]
[White "Goldenberg, Danny"]
[Black "Ho, Andrew"]
[Result "0-1"]
[WhiteElo "2355"]
[BlackElo "2277"]
[PlyCount "95"]
[GameId "2160767912007842"]
[EventDate "1997.01.03"]
[EventType "match"]
[EventRounds "2"]
[EventCountry "CAN"]

1. d4 Nf6 2. Nc3 d5 3. Bg5 Nbd7 4. Nf3 e6 5. e4 dxe4 6. Nxe4 Be7 7. Bxf6 Nxf6 8. Ng3 O-O 9. Bd3 c5 10. O-O b6 11. dxc5 Bxc5 12. Ne4 Be7 13. Nfg5 g6 14. Qf3 Nd5 15. Nh3 Bb7 16. Nc3 Rb8 17. Nxd5 Qxd5 18. Qxd5 Bxd5 19. c4 Bc6 20. Be2 Bf6 21. Rad1 Bxb2 22. Rd6 Rbc8 23. f4 Rfd8 24. Rfd1 Rxd6 25. Rxd6 Kf8 26. Ng5 h6 27. Nf3 Ke7 28. Rd3 Bxf3 29. Rxf3 Bd4+ 30. Kf1 Kd6 31. Ra3 Rc7 32. Rb3 e5 33. fxe5+ Kxe5 34. g3 f5 35. Rf3 g5 36. Bd3 Rf7 37. Kg2 Rf6 38. Rf1 Bc5 39. Rd1 f4 40. Be2 fxg3 41. Rd5+ Ke4 42. Bd3+ Ke3 43. Kxg3 Bd6+ 44. Kg4 Bxh2 45. Bc2 Bd6 46. Kh5 Bc5 47. Bd1 Kf4 48. Bg4 0-1

[Event "CAN-ch U20 1997-98"]
[Site "Winnipeg CAN"]
[Date "1997.12.27"]
[Round "1"]
[White "Dutton, Warren"]
[Black "Hua, Lefong"]
[Result "0-1"]
[WhiteElo "2185"]
[BlackElo "2298"]
[PlyCount "128"]
[GameId "2160767911874210"]
[EventDate "1997.12.27"]
[EventType "tourn"]
[EventRounds "11"]
[EventCountry "CAN"]
[SourceTitle "EXT 2001"]
[Source "ChessBase"]
[SourceDate "2000.11.22"]
[SourceVersion "1"]
[SourceVersionDate "2000.11.22"]
[SourceQuality "1"]

1. e4 c5 2. Nc3 Nc6 3. g3 g6 4. Bg2 Bg7 5. d3 d6 6. Nge2 e6 7. O-O Nge7 8. Be3 Nd4 9. Nc1 O-O 10. Qd2 Rb8 11. Nd1 b5 12. c3 Ndc6 13. Bh6 Bxh6 14. Qxh6 b4 15. Ne3 bxc3 16. bxc3 Qa5 17. Ne2 Ba6 18. Nc4 Bxc4 19. dxc4 Rb2 20. Rfe1 Ne5 21. Rad1 Qxa2 22. Nc1 Qa6 23. f4 Nxc4 24. g4 Qa4 25. Nd3 Re2 26. f5 exf5 27. exf5 Ne3 28. Nf4 Rxe1+ 29. Rxe1 Nxg4 30. Qg5 Ne5 31. fxg6 hxg6 32. Nh5 Nf5 33. Nf6+ Kg7 34. Nh5+ Kg8 35. Nf6+ Kh8 36. Ne4 Qa6 37. Qf6+ Kg8 38. Qg5 Qd3 39. Nf6+ Kg7 40. Nd5 Nf3+ 41. Bxf3 Qxf3 42. Qf6+ Kh7 43. Ne3 Qe4 44. Ng2 Qc4 45. h4 Qg4 46. Ra1 Ne3 47. Qg5 Qxg5 48. hxg5 Nxg2 49. Kxg2 Re8 50. Rxa7 Kg7 51. Kf3 Re5 52. Kf4 Rf5+ 53. Kg4 Rd5 54. Ra3 Kf8 55. Ra4 Ke7 56. Re4+ Re5 57. Ra4 Re3 58. Rc4 Ke6 59. Kf4 Re5 60. Ra4 Rf5+ 61. Kg4 Kd5 62. Ra6 Kc4 63. Rxd6 Kxc3 64. Rd1 c4 0-1

[Event "CAN-ch U20 1997-98"]
[Site "Winnipeg CAN"]
[Date "1997.12.27"]
[Round "1"]
[White "Filion, Charles"]
[Black "Gulati, Justin"]
[Result "1-0"]
[WhiteElo "2223"]
[BlackElo "2062"]
[PlyCount "35"]
[GameId "2160767911874211"]
[EventDate "1997.12.27"]
[EventType "tourn"]
[EventRounds "11"]
[EventCountry "CAN"]
[SourceTitle "EXT 2001"]
[Source "ChessBase"]
[SourceDate "2000.11.22"]
[SourceVersion "1"]
[SourceVersionDate "2000.11.22"]
[SourceQuality "1"]

1. e4 g6 2. d4 Bg7 3. Nc3 c6 4. Be3 d5 5. Qd2 Nf6 6. e5 Ng4 7. f4 h5 8. Nf3 Bf5 9. O-O-O Qa5 10. Nh4 Nh6 11. h3 b5 12. Kb1 Na6 13. Nxd5 Bxc2+ 14. Qxc2 Rd8 15. Qxc6+ Kf8 16. Bd2 Qa4 17. Bxb5 Qxd4 18. Ba5 1-0

[Event "CAN-ch U20 1997-98"]
[Site "Winnipeg CAN"]
[Date "1997.12.27"]
[Round "1"]
[White "Goldenberg, Danny"]
[Black "Zugic, Igor"]
[Result "1/2-1/2"]
[WhiteElo "2369"]
[BlackElo "2373"]
[PlyCount "146"]
[GameId "2160767911874212"]
[EventDate "1997.12.27"]
[EventType "tourn"]
[EventRounds "11"]
[EventCountry "CAN"]
[SourceTitle "EXT 2001"]
[Source "ChessBase"]
[SourceDate "2000.11.22"]
[SourceVersion "1"]
[SourceVersionDate "2000.11.22"]
[SourceQuality "1"]

1. e4 e6 2. d4 d5 3. e5 c5 4. c3 Qb6 5. Nf3 Nc6 6. a3 Nh6 7. b4 cxd4 8. cxd4 Nf5 9. Bb2 Be7 10. Be2 Bd7 11. O-O O-O 12. Kh1 Na5 13. Bc3 Nc4 14. Bxc4 dxc4 15. Nbd2 Bc6 16. a4 Bd5 17. Qe2 Qc6 18. b5 Qc7 19. a5 a6 20. Rfb1 axb5 21. Rxb5 Rfc8 22. Ne4 Ra6 23. Rab1 Qd8 24. Ne1 Bc6 25. R5b2 Qd5 26. Ng3 Nxg3+ 27. hxg3 Bd8 28. f3 Bxa5 29. Qd2 Bxc3 30. Qxc3 Qd7 31. Nc2 Ra7 32. Rb6 h6 33. Ne3 Qd8 34. Kh2 Ra2 35. R6b2 Rxb2 36. Rxb2 b5 37. f4 Ra8 38. d5 exd5 39. Nf5 Qf8 40. Nd6 Rd8 41. Qb4 Qe7 42. Qc5 Qd7 43. Re2 b4 44. Qxb4 Qa7 45. Nf5 Kh8 46. e6 fxe6 47. Rxe6 Qf7 48. Nxg7 Qxg7 49. Rxc6 Rg8 50. g4 Qxg4 51. Rxh6+ Kg7 52. Qd6 Rf8 53. Rh3 Qf5 54. Qh6+ Kf7 55. Rh5 Qg6 56. Qxg6+ Kxg6 57. Rg5+ Kh6 58. Rxd5 Rxf4 59. Rc5 Rd4 60. g3 Kg6 61. Kh3 Kh6 62. g4 Kg6 63. Kh4 Rd6 64. Rxc4 Ra6 65. Rc5 Rb6 66. Rc8 Ra6 67. Rg8+ Kf7 68. Rg5 Rb6 69. Kh5 Ra6 70. Rb5 Kg7 71. Rb7+ Kg8 72. g5 Rc6 73. g6 Rc1 1/2-1/2

[Event "CAN-ch U20 1997-98"]
[Site "Winnipeg CAN"]
[Date "1997.12.27"]
[Round "1"]
[White "Henson, Joshua"]
[Black "Afrah, Navid"]
[Result "0-1"]
[WhiteElo "2014"]
[BlackElo "2210"]
[PlyCount "150"]
[GameId "2160767911874213"]
[EventDate "1997.12.27"]
[EventType "tourn"]
[EventRounds "11"]
[EventCountry "CAN"]
[SourceTitle "EXT 2001"]
[Source "ChessBase"]
[SourceDate "2000.11.22"]
[SourceVersion "1"]
[SourceVersionDate "2000.11.22"]
[SourceQuality "1"]

1. e4 c5 2. Nf3 Nc6 3. Bb5 g6 4. O-O Bg7 5. c3 d6 6. h3 Bd7 7. Re1 Nf6 8. d3 O-O 9. Na3 a6 10. Ba4 b5 11. Bb3 Na5 12. e5 dxe5 13. Nxe5 Nxb3 14. Qxb3 Be6 15. Qd1 Qd5 16. d4 cxd4 17. Qxd4 Qxd4 18. cxd4 Rac8 19. Bd2 Rfd8 20. Bc3 Rd6 21. Rac1 Bh6 22. Rcd1 Bxa2 23. Bb4 Re6 24. Bc5 Rc7 25. b4 Nd7 26. Nxd7 Rxd7 27. Ra1 Bg7 28. Nc2 Rxe1+ 29. Nxe1 Bb3 30. Nf3 Ba4 31. Re1 Bf8 32. Ne5 Rc7 33. Ng4 Kg7 34. Rc1 Rb7 35. f4 h5 36. Nf2 e6 37. Ne4 Rd7 38. Kf2 Bb3 39. Bxf8+ Kxf8 40. Nc5 Rxd4 41. Nxb3 Rxf4+ 42. Ke3 Rxb4 43. Nc5 a5 44. Ra1 a4 45. Ra2 Ke7 46. Nd3 Rb3 47. Kd2 Kd6 48. Ra1 e5 49. Re1 f6 50. Kc2 Kd5 51. Rd1 Kc6 52. Rf1 e4 53. Rxf6+ Kd5 54. Nc1 Rg3 55. Rf2 b4 56. Kb2 a3+ 57. Ka2 Rc3 58. Rd2+ Kc4 59. Ne2 Rd3 60. Rc2+ Kb5 61. Nc1 Ka4 62. Nxd3 b3+ 63. Ka1 bxc2 64. Nc1 h4 65. Ka2 g5 66. Ne2 Kb4 67. Ka1 Kc4 68. Ka2 Kd3 69. Nc1+ Kd2 70. Nb3+ Kd1 71. Kxa3 c1=Q+ 72. Nxc1 Kxc1 73. Kb3 e3 74. Kc3 e2 75. Kd3 e1=Q 0-1

[Event "CAN-ch U20 1997-98"]
[Site "Winnipeg CAN"]
[Date "1997.12.27"]
[Round "1"]
[White "Kirby, Patrick"]
[Black "Chin, Garrett"]
[Result "1-0"]
[WhiteElo "2099"]
[BlackElo "1985"]
[PlyCount "80"]
[GameId "2160767911874214"]
[EventDate "1997.12.27"]
[EventType "tourn"]
[EventRounds "11"]
[EventCountry "CAN"]
[SourceTitle "EXT 2001"]
[Source "ChessBase"]
[SourceDate "2000.11.22"]
[SourceVersion "1"]
[SourceVersionDate "2000.11.22"]
[SourceQuality "1"]

1. d4 Nf6 2. c4 g6 3. Nc3 Bg7 4. e4 d6 5. Nge2 O-O 6. f3 e5 7. Bg5 Nbd7 8. Qd2 c6 9. h4 exd4 10. Nxd4 Re8 11. O-O-O a6 12. Kb1 Qc7 13. Nc2 Bf8 14. Qf4 Be7 15. h5 Qa5 16. hxg6 fxg6 17. Qh4 Qe5 18. Bf4 Qh5 19. Qxh5 Nxh5 20. Bxd6 Bxd6 21. Rxd6 Ng3 22. Rg1 Ne5 23. c5 Be6 24. Ne3 Rad8 25. f4 Nf7 26. Rxd8 Rxd8 27. Bc4 Bxc4 28. Nxc4 Rd4 29. Na5 Nxe4 30. Nxe4 Rxe4 31. Nxb7 Rxf4 32. Na5 Ne5 33. Rd1 h5 34. Rd6 Rf1+ 35. Kc2 Rf2+ 36. Rd2 Rxd2+ 37. Kxd2 Kf7 38. Ke3 g5 39. Ke4 Ke6 40. Nb3 h4 1-0